000 01006nas a2200325 4500
001 BR0809810
003 BR-BrBNA
005 20231205112818.0
007 ta
008 230509b bl.|||p| |||| 00| 00por d
040 _aBR-BrBNA
_bpor
_cBiblioteca Nacional de Agricultura
041 _a(Pt)
072 _aD50; L01; Q02
100 1 _aTeodoro, V.A.M.
100 1 _aSilva, J.F. da
100 1 _aPinto, M.S.
245 1 _aEvolução da legislação no setor de lácteos no Brasil
650 _aLEITE
650 _aPRODUÇÃO LEITEIRA
650 _aLEGISLAÇÃO
650 _aINDÚSTRIA ALIMENTÍCIA
650 _aLATICÍNIO
650 _aALIMENTO ALTERNATIVO
650 _aEFICIÊNCIA NUTRICIONAL
650 _aSEGURANÇA ALIMENTAR
650 _aMERCADO
773 0 _tInforme Agropecuário - Empresa de Pesquisa Agropecuária de Minas Gerais (Brazil)
_xISSN 0100-3364
_g(May-Jun 2007), v. 28(238) p.14-21
_wBR0809810
909 _a202311
_bLúcia
_c55
_dLúcia Elande
942 _2AGRIS
_n0
_cANA
999 _c200132
_d200132